000 00950nam a22002297a 4500
005 20250620105235.0
008 250620b |||||||| |||| 00| 0 eng d
020 _a978-93-91605-15-5 (hbk )
037 _cTB
040 _aCRL
_cCRL
041 _2pun
_apun
084 _aO153,6M43:g R4
_qCRL
100 _aਭਾਟੀਆ, ਵਰਿੰਦਰ ਕੌਰ
_9813491
245 _aਗਿਆਨੀ ਦਿੱਤ ਸਿੰਘ ਦੀ ਪੰਜਾਬੀ ਵਾਰਤਕ
260 _aਅੰਮ੍ਰਿਤਸਰ, ਭਾਰਤ:
_bਰਵਿ ਸਾਹਿਤ ਪਰਕਾਸ਼ਨ,
_c2024.
300 _a215 ਪ.
365 _b400.00
_cINR
650 _aਪੰਜਾਬੀ ਸਾਹਿਤ
650 _aਪੰਜਾਬੀ ਨਿਬੰਧ
942 _2CC
_cTB
_hO153,6M43:g R4
_n0
999 _c1432056
_d1432056